000 01536nam0a2200337 4500
001 RU\NLR\BIBL_A\012429302
005 20260406232908.0
021 _aRU
_b89-4982
035 _a(NLR Aleph) 012429302
090 _a11866696
_c11866696
100 _a20201229d1988 u y0rusy50 ca
101 0 _arus
102 _aRU
105 _aa b 000 y
181 0 _ai
_baxxe
182 0 _an
200 1 _aФуад Бакиханов
_e[выставка произведений
_eкаталог
_fсоставитель Г. Бакиханова
_gСоюз художников Азербайджана]
203 _aТекст
_bвизуальный
_cнепосредственный
210 _aБаку
_d1988
215 _a[63] с.
_cв основном ил., цв. ил.
_d29х16
300 _aНа 2-й с. обл.: Союз художников Азербайджана
600 0 _aБакиханов
_bФ.
_gФуад
_xВыставки
_yБаку, город (Азербайджан)
_z1988
_91070819
_3RU\NLR\AUTH\6698513
686 1 _aЩ133(2А)7-8 Бакиханов
702 1 _aБакиханова
_bГ.
_gГюльтекин
_4220
710 1 0 _aБакиханов,
_gФуад
_hВыставка произведений
_f1988
_eБаку
_3RU\NLR\AUTH\889976623
_9450027
712 0 2 _aСоюз художников Азербайджана
_3RU\NLR\AUTH\889985992
_9467645
852 _aNLR
_bЭ
_jКП/Б193
942 _cBOOK
980 _aNB